000 007480000a22001930004500
020 _a0-8297-3120-2
041 0 _aSPA
082 0 4 _aG 253 M3869t
100 1 _aMartínez, Hugo Andrés
245 1 0 _aTeología pastoral : Cómo ser un obrero aprobado / Hugo Andrés Martínez
260 _aMiami : Vida
300 _a187 Pag
505 0 0 _a- El llamado al servicio de Dios - El protagonista del servicio - La existencia en el espíritu - Los peligros que rodean - El costo adeudado - El servicio hogareño - El compartir la tarea - La administración ministerial - El siervo con sus consiervos
001 12433
942 _cBK
999 _c41457
_d41457
336 _atexto
_btxt
_2rdacontent
337 _2rdamedia
_asin mediación
_bn
338 _2rdacarrier
_avolumen
_bnc